Capitales des États des États-Unis - Statistiques

Statistiques générales
  • Ce quiz a été pris 102 377 fois
  • Le résultat moyen est 16 sur 50
Réponses sur la Carte
Les réponses sont colorées sur une échelle allant du rouge au vert en fonction du pourcentage des utilisateurs qui les ont devinées à leur premier essai. Vous pouvez retrouver ces pourcentages ci-dessous.
 
Statistiques - réponses
État Capitale % Correct
Massachusetts Boston
63%
Californie Sacramento
60%
Texas Austin
57%
Colorado Denver
57%
Hawaï Honolulu
57%
Arizona Phoenix
54%
Géorgie Atlanta
53%
Louisiane Bâton-Rouge
50%
Indiana Indianapolis
47%
Utah Salt Lake City
46%
Oklahoma Oklahoma City
45%
Alaska Juneau
38%
New York Albany
35%
Floride Tallahassee
35%
Mississippi Jackson
34%
Tennessee Nashville
34%
Vermont Montpelier
33%
Iowa Des Moines
32%
Nouveau-Mexique Santa Fe
32%
Illinois Springfield
32%
Ohio Columbus
30%
Dakota du Sud Pierre
30%
Oregon Salem
30%
Idaho Boise
29%
Alabama Montgomery
29%
Washington Olympia
28%
Caroline du Nord Raleigh
28%
Dakota du Nord Bismarck
27%
Montana Helena
27%
Arkansas Little Rock
27%
Nevada Carson City
26%
Wyoming Cheyenne
26%
Caroline du Sud Columbia
26%
Minnesota Saint Paul
26%
Kentucky Frankfort
24%
Rhode Island Providence
24%
Maine Augusta
23%
Delaware Dover
23%
Nebraska Lincoln
23%
Virginie Richmond
23%
Maryland Annapolis
22%
Virginie-Occidentale Charleston
22%
Missouri Jefferson City
22%
Wisconsin Madison
22%
Kansas Topeka
22%
Connecticut Hartford
21%
Michigan Lansing
21%
Pennsylvanie Harrisburg
20%
New Jersey Trenton
20%
New Hampshire Concord
19%
Aucun quiz correspondant
Distribution des résultats
% des personnes avec chaque résultat
Percentile par nombre de réponses
Votre historique - résultats
Vous n’avez pas pris ce quiz